|
|
|
|
| LEADER |
00000nam0a2200000 4500 |
| 001 |
328405 |
| 005 |
20231102004046.0 |
| 035 |
|
|
|a (RuTPU)RU\TPU\book\354105
|
| 090 |
|
|
|a 328405
|
| 100 |
|
|
|a 20170216d1926 m y0rusy50 ca
|
| 101 |
0 |
|
|a rus
|
| 102 |
|
|
|a RU
|
| 105 |
|
|
|a y z 000zy
|
| 200 |
1 |
|
|a Итоги работ над Марсом в 1924-25 г. Научно-популярный очерк
|d Resultats des travaux sur Mars en 1924-25. Esquisse scientifique et populaire
|f В. И. Туранский
|
| 210 |
|
|
|a Владивосток
|c Типография ГДУ
|d 1926
|
| 215 |
|
|
|a 32 с.
|
| 225 |
1 |
|
|a Труды государственного Дальневосточного университета
|
| 225 |
1 |
|
|a Серия 7 : Физика, математика
|v № 2
|
| 300 |
|
|
|a Парал. заглавие, резюме на фр. яз.
|
| 510 |
1 |
|
|a Resultats des travaux sur Mars en 1924-25. Esquisse scientifique et populaire
|z fre
|
| 606 |
1 |
|
|a Марс, планета
|x История изучения
|2 stltpush
|3 (RuTPU)RU\TPU\subj\41068
|9 60886
|
| 610 |
1 |
|
|a атмосфера
|
| 610 |
1 |
|
|a моря
|
| 610 |
1 |
|
|a каналы
|
| 610 |
1 |
|
|a исследования
|
| 610 |
1 |
|
|a наблюдения
|
| 610 |
1 |
|
|a загадочные явления
|
| 610 |
1 |
|
|a поверхность
|
| 675 |
|
|
|a 523.41/.43
|v 4
|
| 700 |
|
1 |
|a Туранский
|b В. И.
|g Василий Иванович
|
| 712 |
0 |
2 |
|a Государственный дальневосточный университет (ГДУ)
|c (Владивосток)
|c (1920-1930)
|2 stltpush
|3 (RuTPU)RU\TPU\col\19935
|
| 801 |
|
1 |
|a RU
|b 63413507
|c 20170216
|
| 801 |
|
2 |
|a RU
|b 63413507
|c 20170216
|g RCR
|
| 942 |
|
|
|c BK
|